| 000 | 00936nam a2200253Ia 4500 | ||
|---|---|---|---|
| 003 | OSt | ||
| 005 | 20220923220134.0 | ||
| 006 | a|||||r|||| 00| 0 | ||
| 007 | ta | ||
| 008 | 220922b |||||||| |||| 00| 0 hin d | ||
| 024 | _a184,537 | ||
| 037 | _cTextual | ||
| 040 |
_aARTS _cARTS _bhin |
||
| 041 |
_2hin _ahin |
||
| 082 | _aO152,2:g (NT), M0 | ||
| 100 | _aमान, ज्ञान सिंह | ||
| 245 | 0 | _aहिन्दी काव्य-नाटकों में नाटकायता का स्वरूप | |
| 246 | _aHindī kāvya-nāṭakoan mean nāṭakāyatā kā svarūpa | ||
| 260 |
_aनई दिल्ली _b क्लासिकल पब्लि0 हा0 _c1980 |
||
| 300 |
_a200 पृ. _ccm. |
||
| 650 |
_aहिन्दी साहित्य _9156264 |
||
| 942 |
_hO152,2:g (NT), M0 _cTEXL _2CC |
||
| 999 |
_c337821 _d337821 |
||